Pull out all the stops (Record no. 82528)

MARC details
000 -LEADER
fixed length control field 01150cab a22002175a 4500
001 - CONTROL NUMBER
control field L150490
008 - FIXED-LENGTH DATA ELEMENTS--GENERAL INFORMATION
fixed length control field 100720e20100605xxk 000 0 eng d
035 ## - SYSTEM CONTROL NUMBER
System control number (Sirsi) u150490
041 0# - LANGUAGE CODE
Language code of text/sound track or separate title eng
100 1# - MAIN ENTRY--PERSONAL NAME
Personal name Purchas, Robin
245 00 - TITLE STATEMENT
Title Pull out all the stops
260 ## - PUBLICATION, DISTRIBUTION, ETC.
Date of publication, distribution, etc. 2010
490 ## - SERIES STATEMENT
Series statement Estates Gazette
Volume/sequential designation (1022) 5 June 2010, 98-100(3)
520 ## - SUMMARY, ETC.
Summary, etc. Looks at "Transport for London (London Underground Limited) v Spirerose Limited (in administration)" (2009) and its effect on those practising compensation law. Notes that this House of Lords judgment overturned decisions given by the Lands Tribunal and the Court of Appeal therefore increasing the importance of making a section 17 application. Suggests the use of arbitration and regulatory reform to accommodate the results of the judgment and smooth the path to the Lands Tribunal.
590 ## - LOCAL NOTE (RLIN)
Local note KA
650 24 - SUBJECT ADDED ENTRY--TOPICAL TERM
Topical term or geographic name entry element TRANSPORT FOR LONDON (LONDON UNDERGROUND LTD) V SPIREROSE LTD (IN ADMINISTRATION)
651 #4 - SUBJECT ADDED ENTRY--GEOGRAPHIC NAME
Geographic name ENGLAND AND WALES
690 ## - LOCAL SUBJECT ADDED ENTRY--TOPICAL TERM (OCLC, RLIN)
Topical term or geographic name as entry element ENVIRONMENTAL AND LAND CONSULTANCY-PLANNING AND DEVELOPMENT-COMPULSORY PURCHASE AND COMPENSATION
700 1# - ADDED ENTRY--PERSONAL NAME
Personal name Redman, Michael
942 ## - ADDED ENTRY ELEMENTS (KOHA)
Suppress in OPAC 0
Holdings
Withdrawn status Lost status Source of classification or shelving scheme Damaged status Not for loan Home library Current library Shelving location Date acquired Total Checkouts Full call number Barcode Date last seen Copy number Price effective from Koha item type
    Dewey Decimal Classification     London London Journal article 20/07/2010   L150490 150490-1001 06/08/2019 1 06/08/2019 Journal article